000 00359 a2200157 4500
001 76026
020 _a9788516071424
040 _cAnchieta - Colégio São Paulo
100 _aGoulart, Shirley
240 1 0 _aSingular & Plural 6º ano
_lpor
245 1 0 _aSingular & Plural 6º ano
300 _a300
362 0 _a2014
650 4 _aPortuguês
942 _cBK
999 _c76026
_d76026